Normal view
MARC view
Entry Personal Name
001 - CONTROL NUMBER
- control field: 28158
003 - CONTROL NUMBER IDENTIFIER
- control field: dpl
005 - DATE AND TIME OF LATEST TRANSACTION
- control field: 20110518151656.0
008 - FIXED-LENGTH DATA ELEMENTS
- fixed length control field: 110518|||a|||||| | ||| d
040 ## - CATALOGING SOURCE
- Original cataloging agency: dpl
- Transcribing agency: dpl
100 ## - HEADING--PERSONAL NAME
- Personal name: Mukherjee, Meenakshi
670 ## - SOURCE DATA FOUND
- Source citation: Work cat.: (dpl)10182: Mukherjee, Meenakshi, Elusive Terrain :, 2008
670 ## - SOURCE DATA FOUND
- Source citation: Work cat.: (dpl)10182: Mukherjee, Meenakshi, Elusive Terrain :, 2008
